Statistics for 2. Dünya Savaşı - Çoktan Seçmeli Test

Click here to take the quiz!

General Stats

  • This quiz has been taken 2 746 times
  • The average score is 7 of 15

Answer Stats

QuestionAnswer% Correct
Hitler nasıl öldü?İntihar
84%
Almanlar Moskova'yı hiç ele geçirdi mi?Hayır
78%
Aşağıdaki ülkelerden hangisi İkinci Dünya Savaşı'nda SAVAŞMAMIŞTIR?İrlanda
71%
Almanya'nın Sovyetler Birliği'ni işgalinin kod adı neydi?Barbarossa Harekâtı
66%
Hangi ülke Ağustos 1939'da Almanya ile saldırmazlık paktı imzaladı?Sovyetler Birliği
61%
Joseph Goebbels'in Nazi hükümetindeki rolü neydi?Propaganda Bakanı
49%
Almanya'nın Afrika Kolordusu'nun komutanı kimdi?Erwin Rommel
46%
İkinci Dünya Savaşı sonucunda yaklaşık 70 milyon insan öldü. Bu insanların yüzde kaçı Amerika Birleşik Devletleri'ndendi?0.6%
44%
Amerika'nın atom bombası yapma projesinin adı neydi?Manhattan Projesi
44%
Japonya 1945'te teslim olduğunda, bu şehirlerden hangisi hala onun kontrolü altındaydı?Yukarıdakilerin hepsi
40%
Almanlar mesajlarını (başarısız bir şekilde) şifrelemek için hangi makineyi kullandılar?Enigma makinesi
38%
Hangi şehrin 1942'de Japonların eline geçmesi 80.000 İngiliz ve müttefik askerinin esir alınmasına neden oldu?Singapur
28%
Japonlar Pearl Harbor'a yaptıkları saldırı sırasında kaç uçak gemisini imha etti?Hiç
26%
Aşağıdakilerden hangisi Winston Churchill'in konuşmalarından biri DEĞİLDİR?Korkmamız gereken yegâne şey korkunun kendisidir.
18%
Naziler tarafından ele geçirilmeden önce, Alman hükümeti Weimar Cumhuriyeti olarak biliniyordu. Weimar kimdir veya nedir?Bir şehir
17%

Score Distribution

Percentile by Number Answered

Percent of People with Each Score

Your Score History

You have not taken this quiz